000 02191cam a2200589 i 4500
001 6068
003 KOSZ 005
005 20250724063750.0
008 250723s1979 pl a f 001 0 pol
015 _aUWD 1979/10581
015 _aPB 10581/79
020 _a8320400899
035 _a991015549259705066
035 _a(PL-WaBN)b14177626-48omnis_nlop
035 _ab14177626
035 _a(OCoLC)749148142
035 _azz2007776420
035 _a(PL)b0000001417762
035 _a(EXLNZ-48OMNIS_NETWORK)9910104247505606
040 _aWA N
_cWA N
_dKOSZ 005/RW
046 _k1979
080 _a531.1/.3
080 _a539.3/.6
080 _a(075.8)
100 1 _aKonarzewski, Zygmunt
_eAutor
245 1 0 _aPodstawy technicznej mechaniki ciała stałego /
_cZygmunt Konarzewski.
250 _aWydanie I.
260 _aWarszawa :
_bWydawnictwa Naukowo-Techniczne,
_c1979.
300 _a329, [2] stron :
_bilustracje, tabele, wykresy ;
_c24 cm.
336 _aTekst
_btxt
_2rdacontent
337 _aBez urządzenia pośredniczącego
_bn
_2rdamedia
338 _aWolumin
_bnc
_2rdacarrier
380 _aKsiążki
380 _aPublikacje dydaktyczne
380 _aPublikacje naukowe
385 _mPoziom nauczania
_aSzkoły wyższe
388 1 _a1901-2000
388 1 _a1945-1989
490 1 _aPodręczniki Akademickie. Elektrotechnika
504 _aBibliografia przy rozdziałach. Indeks.
521 8 _aJest to podręcznik przeznaczony dla studentów wydziałów elektrycznych wyższych szkół technicznych. Może być także przydatny dla inżynierów pragnących przypomnieć sobie podstawy obliczeń konstrukcji mechanicznych.
650 7 _aMechanika ciała stałego
_2DBN
650 7 _aWytrzymałość materiałów
_2DBN
655 7 _aPodręczniki akademickie
_2DBN
658 _aFizyka i astronomia
658 _aInżynieria i technika
710 2 _aWydawnictwa Naukowo-Techniczne
_4pbl
830 0 _aPodręczniki Akademickie.
_pElektrotechnika
856 _uhttps://koha.tu.koszalin.pl/cgi-bin/koha/opac-detail.pl?biblionumber=6068
_yKatalog online BPK
942 _2UKD
_cKS
999 _c6068
_d6068